01072nas a2200277Ia 4500001002700000003001000027008004100037040002500078041001300103100002100116210001600137222001600153245007100169250001100240260000900251501012300260300001400383362002400397500007200421650004600493700001100539942000700550957000600557999003200563952019900595A50/R028-4300 [r000001426]IT-MiCISF161014c99999999xx |||||||||||| ||und|| aIT-MiCISFcIT-MiCISF aITALIANO aVella Charles G. aLa famiglia aLa famiglia 0aL'equipe consultoriale. Dinamica di gruppo e rapporto con l'utente a1a ed. c1982 bCISF - Centro Internazionale Studi Famiglia - Via Giotto, 36 20145 MILANO (non commercial uses only)cCopyright 2016 app. 52-64 a96, nov-dic. [1982] a Tema: consultori, équipe, lavoro, formazione, consulenti, utenti aFAMIGLIA - consulenza familiarevarticolo aAA.VV. cCR 71 a4300bSig1c223485d223485 0010406A_50_000000000000000_R0284300_R00000142671aCISFbCISFd2016-10-14l0oA50/R028-4300 [r000001426]r2016-10-14 00:00:00w2016-10-14yCRzData import 15.10.2016 / by Epidotti, Vaglietti